000 00600nam a22001817a 4500
003 UA-OsUOA
001 8612
007 ta
008 20040924b un ||||| |||| 00| 0 ukr d
100 _aЦимбал М.
942 _cSA
040 _aUA-OsUOA
_cUA-OsUOA
_dUA-OsUOA
245 _aПро норму тривалості робочого часу і оплату праці стрільців ВОХОР у військових частинах
300 _aС.13
955 _a0
773 0 _w0
_tПраця і зарплата
_dКиїв
_d2004
_g№32
650 7 _aЕкономіка праці
_2UDC
999 _c294773
_d294773